000 00990nam a2200229 i 4500
001 165085
003 ES-MaACL
005 20230906213050.0
008 040802s1878 gw |||| | lat d
040 _aCAM
_bspa
_cCAM
245 0 0 _aScriptores de orthographia /
_cex recensione Henrici Keilii.
260 _aLipsiae :
_bin aedibvs B. G. Tevbneri,
_c1878-1880.
300 _a676 p. ;
_c25 cm.
490 1 _aGrammatici latini ;
_v7
505 8 _aFasc.1 (312 p.): Terentius Scaurus, Velius Longus, Caper Agroecius, Cassiodius Martyrius, Beda Albinus -- Fasc.2 ([4], p. [313]-676): Audacis excepta, Dosithei Ars Gramatica, Arusiani Messii Exempla Elocutionum, Cornelli Frontonis Liber de Differentiis Fragmenta Grammatica
650 0 4 _aLengua latina-
_xGramática.
_914300
650 4 _aLengua latina-
_xOrtografĂ­a.
_9163099
700 1 _aKeil, Heinrich.
_9128438
830 0 _aGrammatici latini ;
_v7
_9222435
852 _aES-MaACL
_jB-13337
_z-- Enc. hol.
999 _c165085
_d165085